Statistiques concernant Pokémon de 30,0 à 39,9 kg

Cliquez ici pour prendre le quiz!

Statistiques générales

  • Ce quiz a été pris 3 fois
  • Le résultat moyen est 16 sur 82

Statistiques - réponses

Poids (en kg) Pokémon % Correct
39,0Poissoroy
100%
31,6Mamanbo
50%
37,5Léopardus
50%
32,0Papilusion
50%
33,5Migalos
50%
38,0Simularbre
50%
33,5Phanpy
50%
30,0Roucoups
50%
36,5Porygon
50%
32,5Lombre
50%
36,0Ramoloss
50%
35,6Coxyclaque
50%
32,5Linéon
50%
32,5Porygon2
50%
32,4Soporifik
50%
32,5Fouinar
50%
33,0Viskuse
50%
38,0Yanma
50%
30,0Grotadmorv
50%
30,0Élektek
50%
39,5Obalie
50%
30,0Tadmorv
50%
30,0Ponyta
50%
30,0Raichu
50%
34,0Porygon-Z
50%
33,5Mustéflott
50%
39,5Roucarnage
50%
39,0Banshitrouye (Taille Ultra)
50%
39,2Doduo
50%
34,0Ossatueur d'Alola
50%
35,0Saquedeneu
0%
35,0Limagma
0%
34,6Leveinard
0%
35,0Démolosse
0%
34,5Neitram
0%
35,0Amonistar
0%
37,0Grahyèna
0%
38,5Apireine
0%
38,0Togekiss
0%
39,0Goupelin
0%
39,2Chapignon
0%
39,5Vaututrice
0%
38,0Moufflair
0%
38,0Rapasdepic
0%
36,0Incisache
0%
35,5Shaofouine
0%
36,6Archéduc
0%
34,5Stari
0%
37,5Darumarond
0%
35,3Gamblast
0%
33,3Lockpin
0%
31,0Opermine
0%
31,0Cabriolaine
0%
31,5Charmina
0%
31,5Méga-Charmina
0%
31,5Kranidos
0%
31,5Castorno
0%
31,0Miamiasme
0%
31,0Nanméouïe
0%
30,0Baggaïd
0%
30,0Mimitoss
0%
30,5Luxio
0%
30,5Feuiloutan
0%
30,6Téraclope
0%
30,6Spoink
0%
31,6Papinox
0%
32,0Persian
0%
33,3Triopikeur
0%
33,0Fermite
0%
33,4Escroco
0%
33,5Zygarde (10%)
0%
34,0Dimoret
0%
33,9Tarpaud
0%
33,0Lançargot
0%
33,0Méga-Mewtwo Y
0%
32,0Méga-Nanméouïe
0%
32,0Colossinge
0%
32,0Aéroptéryx
0%
32,6Delcatty
0%
33,0Persian d'Alola
0%
32,8Colhomard
0%
34,3Lugulabre
0%

Distribution des résultats

Percentile by Number Answered

% des personnes avec chaque résultat

Votre développement - résultats

Vous n’avez pas pris ce quiz